Land restoration after minerals extraction: the role of minerals planning authorities (Record no. 3354)
[ view plain ]
| 000 -LEADER | |
|---|---|
| fixed length control field | 01145cab a2200205 4500 |
| 001 - CONTROL NUMBER | |
| control field | ABS37619 |
| 008 - FIXED-LENGTH DATA ELEMENTS--GENERAL INFORMATION | |
| fixed length control field | 090401t1986 xxu||||| |||| 00| 0 eng d |
| 035 ## - SYSTEM CONTROL NUMBER | |
| System control number | (Sirsi) u5620 |
| 041 ## - LANGUAGE CODE | |
| Language code of text/sound track or separate title | eng |
| 100 ## - MAIN ENTRY--PERSONAL NAME | |
| Personal name | Street, E.A. |
| 245 ## - TITLE STATEMENT | |
| Title | Land restoration after minerals extraction: the role of minerals planning authorities |
| 260 ## - PUBLICATION, DISTRIBUTION, ETC. | |
| Date of publication, distribution, etc. | 1986 |
| 350 ## - PRICE (NR) (BK AM CF MU VM SE) [OBSOLETE] | |
| Price | 0 |
| 490 ## - SERIES STATEMENT | |
| Series statement | Town Planning Review |
| Volume/sequential designation | 57(4) 1986, 382-403(22) |
| 520 ## - SUMMARY, ETC. | |
| Summary, etc. | The question of whether land would be well restored after mineral extraction if there was no planning control cannot be tested, since control has been in operation in Great Britain since 1932. This paper, therefore, examines the different approaches taken to control extraction by different mineral planning authorities. Using field studies of seventeen sites in five different counties, the author comes to some useful conclusions about how the mineral planning authority can influence the quality of land restoration following mineral extraction. (Journal Abstract) References, tables. |
| 650 ## - SUBJECT ADDED ENTRY--TOPICAL TERM | |
| Topical term or geographic name entry element | TOWN AND COUNTRY PLANNING ACT 1971 |
| 690 ## - LOCAL SUBJECT ADDED ENTRY--TOPICAL TERM (OCLC, RLIN) | |
| Topical term or geographic name as entry element | MINING AND MINERALS |
| 942 ## - ADDED ENTRY ELEMENTS (KOHA) | |
| Suppress in OPAC | 0 |
| 948 ## - LOCAL PROCESSING INFORMATION (OCLC); SERIES PART DESIGNATOR (RLIN) | |
| c (OCLC) | 04/03/1997 |
| Withdrawn status | Lost status | Source of classification or shelving scheme | Damaged status | Not for loan | Home library | Current library | Shelving location | Date acquired | Total Checkouts | Full call number | Barcode | Date last seen | Copy number | Price effective from | Koha item type |
|---|---|---|---|---|---|---|---|---|---|---|---|---|---|---|---|
| Dewey Decimal Classification | London | London | Journal article | 14/09/1999 | ABS37619 | 5620-1001 | 06/08/2019 | 1 | 06/08/2019 | Journal article |